<?xml version="1.0" encoding="UTF-8"?>
<record
    xmlns:xsi="http://www.w3.org/2001/XMLSchema-instance"
    xsi:schemaLocation="http://www.loc.gov/MARC21/slim http://www.loc.gov/standards/marcxml/schema/MARC21slim.xsd"
    xmlns="http://www.loc.gov/MARC21/slim">

  <leader>00808cam a22002291  4500</leader>
  <controlfield tag="001">84223</controlfield>
  <controlfield tag="003">BD-RjUL</controlfield>
  <controlfield tag="005">20241103155946.0</controlfield>
  <controlfield tag="008">890720s1966    pk            000 0 urdr </controlfield>
  <datafield tag="035" ind1=" " ind2=" ">
    <subfield code="a">(84223)</subfield>
  </datafield>
  <datafield tag="040" ind1=" " ind2=" ">
    <subfield code="a">DLC</subfield>
    <subfield code="c">WaU</subfield>
    <subfield code="d">DLC</subfield>
    <subfield code="b">eng</subfield>
  </datafield>
  <datafield tag="041" ind1=" " ind2=" ">
    <subfield code="a">engurd</subfield>
  </datafield>
  <datafield tag="082" ind1=" " ind2=" ">
    <subfield code="2">23</subfield>
    <subfield code="a">954.0088297</subfield>
    <subfield code="b">AHT 1966</subfield>
  </datafield>
  <datafield tag="100" ind1="1" ind2=" ">
    <subfield code="a">Ahmed, Chaudhary Habib, &#x627;&#x62D;&#x645;&#x62F;&#x60C; &#x686;&#x648;&#x62F;&#x6BE;&#x631;&#x649; &#x62D;&#x628;&#x649;&#x628;&#x60C;,</subfield>
    <subfield code="d">1934-</subfield>
    <subfield code="9">14074</subfield>
  </datafield>
  <datafield tag="245" ind1="1" ind2="0">
    <subfield code="a">&#x62A;&#x62D;&#x631;&#x649;&#x6A9; &#x67E;&#x627;&#x6A9;&#x633;&#x62A;&#x627;&#x646; &#x627;&#x631;&#x648; &#x646;&#x649;&#x634;&#x646;&#x644;&#x633;&#x679; &#x639;&#x644;&#x645;&#x627;&#x621; / Ta&#x1E25;r&#x12B;k-i P&#x101;kist&#x101;n aur naishnalis&#x1E6D; &#x2BB;ulam&#x101;&#x2BB; /</subfield>
    <subfield code="c">&#x686;&#x648;&#x62F;&#x6BE;&#x631;&#x649; &#x62D;&#x628;&#x649;&#x628; &#x627;&#x62D;&#x645;&#x62F;., -  /, Chaudhary Habib Ahmed</subfield>
  </datafield>
  <datafield tag="260" ind1=" " ind2=" ">
    <subfield code="c">[1966]</subfield>
    <subfield code="a"> &#x627;&#x644;&#x628;&#x649;&#x627;&#x646;&#x60C;, L&#x101;haur,:</subfield>
    <subfield code="b"> &#x627;&#x644;&#x628;&#x649;&#x627;&#x646;&#x60C;,  / al-Bay&#x101;n,</subfield>
  </datafield>
  <datafield tag="300" ind1=" " ind2=" ">
    <subfield code="a">21, 1039 p.</subfield>
    <subfield code="c">23 cm.</subfield>
  </datafield>
  <datafield tag="500" ind1=" " ind2=" ">
    <subfield code="a">In Urdu.</subfield>
  </datafield>
  <datafield tag="650" ind1=" " ind2="0">
    <subfield code="a">Muslims</subfield>
    <subfield code="z">India.</subfield>
  </datafield>
  <datafield tag="651" ind1=" " ind2="0">
    <subfield code="a">Pakistan.</subfield>
  </datafield>
  <datafield tag="942" ind1=" " ind2=" ">
    <subfield code="2">ddc</subfield>
    <subfield code="c">BK</subfield>
  </datafield>
  <datafield tag="999" ind1=" " ind2=" ">
    <subfield code="c">84223</subfield>
    <subfield code="d">84223</subfield>
  </datafield>
  <datafield tag="952" ind1=" " ind2=" ">
    <subfield code="0">0</subfield>
    <subfield code="1">0</subfield>
    <subfield code="2">ddc</subfield>
    <subfield code="4">0</subfield>
    <subfield code="7">1</subfield>
    <subfield code="8">NFIC</subfield>
    <subfield code="a">RUCL</subfield>
    <subfield code="b">RUCL</subfield>
    <subfield code="c">Reading</subfield>
    <subfield code="d">1971-04-12</subfield>
    <subfield code="e">Firoz  sons</subfield>
    <subfield code="g">30.00</subfield>
    <subfield code="l">0</subfield>
    <subfield code="o">U 954.0088297 AHT 1966</subfield>
    <subfield code="r">2024-11-03 00:00:00</subfield>
    <subfield code="t">C-1</subfield>
    <subfield code="w">2024-11-03</subfield>
    <subfield code="y">BK</subfield>
  </datafield>
</record>
